000 00596nam a22001937a 4500
005 20210414102648.0
008 210311s1984 ||||| |||| 00| 0 eng d
040 _aeng
_cDLC
041 _aeng
080 _a821.111
_bR-67
100 _91355
_aRobinson, Ray
245 _aGajun Tales of the Louisiana Rayous
_c/ by: Cypress Publishers
260 _aGray, LA USA
_bCypress Publishers
_c1984
300 _a156 p.
_bill.
650 0 _9254
_aEnglish literature
653 _aინგლისური ლიტერატურა
700 _91356
_aWitt, Maxine
_eIllustrator
942 _2udc
_cBK
999 _c2123
_d2123